| 000 | 00383cam a2200121ua 4500 | ||
|---|---|---|---|
| 020 | _a81-900217-0-2 | ||
| 082 |
_a338.10954 _bBAN/AG |
||
| 100 |
_aBansil, P.C. _91597 |
||
| 245 | _aAgricultural Statistical Compendium, Vol -1 - Foodgrains Part II (With Suppliment to Part I)/ | ||
| 260 |
_aNew Delhi : _bTechno Economic Research Institute , _c1992. |
||
| 300 | _a1312 ; . | ||
| 942 | _cREF | ||
| 999 |
_c8790 _d8790 |
||